Pengurusan ekonomi Malaysia : (Record no. 4786)

000 -LEADER
fixed length control field nam a22 a 4500
003 - CONTROL NUMBER IDENTIFIER
control field AKMAL
005 - DATE AND TIME OF LATEST TRANSACTION
control field 20200226124952.0
008 - FIXED-LENGTH DATA ELEMENTS--GENERAL INFORMATION
fixed length control field 101130s201 my | e bi 001 0 may d
020 ## - INTERNATIONAL STANDARD BOOK NUMBER
International Standard Book Number 9676113697 (kkt.)
Terms of availability RM27.90
040 ## - CATALOGING SOURCE
Original cataloging agency AKMAL
082 04 - DEWEY DECIMAL CLASSIFICATION NUMBER
Classification number 338.9595 MAH
Edition number 21
090 00 - LOCALLY ASSIGNED LC-TYPE CALL NUMBER (OCLC); LOCAL CALL NUMBER (RLIN)
Classification number (OCLC) (R) ; Classification number, CALL (RLIN) (NR) 338.9595
Local cutter number (OCLC) ; Book number/undivided call number, CALL (RLIN) MAH
100 0# - MAIN ENTRY--PERSONAL NAME
Personal name Mahathir Mohamad,
Titles and words associated with a name Tun,
Dates associated with a name 1925-
9 (RLIN) 41
245 10 - TITLE STATEMENT
Title Pengurusan ekonomi Malaysia :
Remainder of title ucapan pilihan Dr. Mahathir Mohamad, Perdana Menteri Malaysia /
Statement of responsibility, etc. editor Hashim Makaruddin, penterjemah Mokhtar Ahmad
246 30 - VARYING FORM OF TITLE
Title proper/short title Ucapan pilihan Dr. Mahathir Mohamad, Perdana Menteri Malaysia
260 ## - PUBLICATION, DISTRIBUTION, ETC.
Place of publication, distribution, etc. Kuala Lumpur :
Name of publisher, distributor, etc. Utusan Publications & Distributors ,
Date of publication, distribution, etc. 2003
300 ## - PHYSICAL DESCRIPTION
Extent x, 237ms. ;
Dimensions 25cm.
500 ## - GENERAL NOTE
General note Koleksi Peribadi YABhg. Tun Ahmad Sarji (2100366) (2100562)
504 ## - BIBLIOGRAPHY, ETC. NOTE
Bibliography, etc. note Mengandungi rujukan bibliografi dan indeks
650 10 - SUBJECT ADDED ENTRY--TOPICAL TERM
Topical term or geographic name entry element Speeches, addresses, etc.
9 (RLIN) 54
651 #0 - SUBJECT ADDED ENTRY--GEOGRAPHIC NAME
Geographic name Malaysia
General subdivision Economic policy
9 (RLIN) 49
651 #0 - SUBJECT ADDED ENTRY--GEOGRAPHIC NAME
Geographic name Malaysia
General subdivision Economic conditions
9 (RLIN) 63
700 0# - ADDED ENTRY--PERSONAL NAME
Personal name Hashim Makaruddin
9 (RLIN) 58
700 0# - ADDED ENTRY--PERSONAL NAME
Personal name Mokhtar Ahmad
9 (RLIN) 81
942 ## - ADDED ENTRY ELEMENTS (KOHA)
Source of classification or shelving scheme
Koha item type Book

No items available.

Pusat Sumber Maklumat Dato' Haji Sarmin Md Hussin, Akademi Kastam Diraja Malaysia, Melaka
Tel: 06-2331106 | Faks: 06-2313787